| 000 | 01250nam a2200229Ia 4500 | ||
|---|---|---|---|
| 001 | L235-7497 | ||
| 003 | IT-CnALBA | ||
| 008 | 170116s9999||||xx |||||||||||||| ||und|| | ||
| 040 |
_aIT-CnALBA _cIT-CnALBA |
||
| 041 | _aITALIANO | ||
| 100 | _aCABRINI P. FRANCESCO | ||
| 245 | 0 | _aIL SABATO DEDICATO A MARIA OSSIA CONSIDERAZIONI SULLE GRANDEZZE VIRTÙ... | |
| 250 | _a14a ed. | ||
| 260 |
_a VENEZIA _bEMILIANA TIP. LIBR. EDITRICE _c1938 [1° Ed.: n.d.] |
||
| 300 | _a356 p. (prefazione: 11) | ||
| 500 | _aPRIVILEGI DI MARIA. CONSIDERAZIONI SULLE GRANDEZZE. VIRTÙ E GLORIE DI MARIA. PER TUTTI I SABATI DELL'ANNO. SPOSALIZIO CON S. GIUSEPPE. PURIIFICAZIONE ANNUNZIAZIONE. VISITAZIONE ASSUNZIONE. NATIVITÀ DI MARIA. PRESENTAZIONE AL TEMPIO. IMMACOLATA. CUORE DI M | ||
| 501 | _aSocietà San Paolo EM - Piazza San Paolo, 14 - 12051 ALBA (CN) (non commercial uses only) ® Copyright 2017 | ||
| 520 | _aPRIVILEGI DI MARIA. CONSIDERAZIONI SULLE GRANDEZZE. VIRTÙ E GLORIE DI MARIA. PER TUTTI I SABATI DELL'ANNO. SPOSALIZIO CON S. GIUSEPPE. PURIIFICAZIONE ANNUNZIAZIONE. VISITAZIONE ASSUNZIONE. NATIVITÀ DI MARIA. PRESENTAZIONE AL TEMPIO. IMMACOLATA. CUORE DI M | ||
| 650 | _aMARIA SS. ANGELI SANTI DEMONI | ||
| 942 | _cBK | ||
| 957 | _71 | ||
| 999 |
_a8473 _bSI _g Copie: 1 _c266679 _d266679 |
||